Politics of Social Change in the Middle East and North Africa (Record no. 1379)

MARC details
000 -LEADER
fixed length control field 00667nam a2200253 a 4500
020 ## - INTERNATIONAL STANDARD BOOK NUMBER
ISBN
082 00 - DEWEY DECIMAL CLASSIFICATION NUMBER
Classification number 909.0974927
Author Cutter HAL
100 ## - MAIN ENTRY--AUTHOR NAME
Author name Halpern, Manfred
245 ## - TITLE STATEMENT
Title Politics of Social Change in the Middle East and North Africa
260 ## - PUBLICATION, DISTRIBUTION, ETC. (IMPRINT)
Place of publication New Jersy
Name of publisher Princeston University Press
Year of publication 1963
300 ## - PHYSICAL DESCRIPTION
Number of Pages 431p
500 ## - GENERAL NOTE
General note includes index and biblioraphy
505 2# - FORMATTED CONTENTS NOTE
Formatted contents note Index
650 ## - SUBJECT ADDED ENTRY--TOPICAL TERM
Topical Term Civilization-Arab
650 ## - SUBJECT ADDED ENTRY--TOPICAL TERM
Topical Term Middle East-Sociology
942 ## - ADDED ENTRY ELEMENTS (KOHA)
Koha item type Books
700 1# -
-- Halpern, Manfred
Holdings
Collection code Home library Current library Date acquired Cost, normal purchase price Full call number Accession Number Koha item type
  Henry Martyn Institute Library Henry Martyn Institute Library 06/05/2007 100.00 909.0974927 HAL 03294 Books
                   Copyright © 2026 | Henry Martyn Institute | Hyderabad | TS-500052 | INDIA | Implemented by hmi.edu.in
Hit-Count:

Powered by Koha